000 00371nam a22001457a 4500
003 OSt
008 250108b |||||||| |||| 00| 0 eng d
041 _aeng
100 _aMichael, AM
_96834
245 _aPrinciples of Agricultural Engineering Vol.1 and Vol.11
250 _a2nd
260 _aNew Delhi:
_bJain Brothers,
_c1981.
700 _aOjha, TP
_96835
942 _cBK
999 _c18987
_d18987